000
00344nam a22001217a 4500
040
_c
HS
082
_a
333
100
_a
លិ វុឌ្ឍី
245
_a
Wildlife : បច្ចេកទេសអង្កេតសត្វព្រៃ
260
_a
RUA
_b
លិ វុឌ្ឍី
_c
2008
300
_a
31p;
942
_c
KB
999
_c
10181
_d
10181